Interim report of experimental foundation designs on expansive clay soils /

Bibliographic Details
Corporate Authors: University of Texas at Arlington. Construction Research Center, United States. Division of Energy, Building Technology, and Standards
Format: Government Document Book
Language:English
Series:HUD-PDR ; 130
Subjects:

MARC

Tag First Indicator Second Indicator Subfields
LEADER 00000cam a2200000 i 4500
001 in00000791621
005 20151017070313.0
008 760720s1976 dcua f00010 eng d
010 |a gp 76005190  
020 |c $2.10 (pbk. :) 
035 |a (OCoLC)02334632 
035 |9 ADP0418AM 
037 |a 023-000-00324-4 
040 |a GPO  |c GPO  |d UtOrBLW 
074 |a 582 
086 |a HH 1.2:C 57/2 
110 2 |a University of Texas at Arlington.  |b Construction Research Center. 
245 1 0 |a Interim report of experimental foundation designs on expansive clay soils /  |c by Construction Research Center, The University of Texas at Arlington. 
264 2 |a Washington :  |b U.S. Dept. of Housing and Urban Development, Office of Policy Development & Research, Division of Energy, Building Technology and Standards : for sale by the Supt. of Docs., U.S. Govt. Print. Off,  |c 1975 [i.e. 1976] 
300 |a 2 unnumbered pages, iii, 89 pages :  |b illustrations ;  |c 27 cm. 
336 |a text  |b txt  |2 rdacontent 
337 |a unmediated  |b n  |2 rdamedia 
338 |a volume  |b nc  |2 rdacarrier 
490 0 |a HUD-PDR ; 130 
504 |a Bibliography: pages 72-73. 
500 |a Contract H-2240 R. 
650 0 |a Foundations  |x Design and construction. 
650 0 |a Soils. 
650 0 |a Clay. 
710 1 |a United States.  |b Division of Energy, Building Technology, and Standards. 
740 |a Experimental foundation designs on expansive clay soils. 
999 |a MARS 
999 f f |s de15ef25-0abb-3537-ae36-a082c17f7cf3  |i dd32f000-7a97-39c7-a9a1-de3c7eae0fc9  |t 0 
952 f f |p normal  |a Texas A&M University  |b College Station  |c Sterling C. Evans Library  |d Evans: US Documents (Annex 5th floor)  |t 0  |e HH 1.2:C 57/2  |h Superintendent of Documents classification  |i unmediated -- volume  |m A14813524890 
998 f f |a HH 1.2:C 57/2  |t 0  |l Evans: US Documents (Annex 5th floor)